[Event "Wch U12 Girls rapid"]
[Site "Batumi"]
[Date "2023.06.06"]
[Round "3"]
[White "Tsivtsivadze, Nini"]
[Black "Akbari, Rosha"]
[Result "1-0"]
[WhiteElo "1080"]
[BlackElo "1695"]
[PlyCount "309"]
[EventDate "2023.06.06"]
[EventType "swiss (rapid)"]
[EventRounds "11"]
[EventCountry "GEO"]
[SourceTitle "EXT 2024"]
[Source "ChessBase"]
[SourceDate "2023.10.10"]
[SourceVersion "1"]
[SourceVersionDate "2023.10.10"]
[SourceQuality "1"]
[WhiteTeam "Georgia"]
[BlackTeam "Iran"]
[WhiteTeamCountry "GEO"]
[BlackTeamCountry "IRI"]

1. d4 Nf6 2. Nf3 g6 3. Bf4 d5 4. e3 c5 5. c3 Nc6 6. Bd3 Bg7 7. Nbd2 0-0 8. Qe2 Qb6 9. Rb1 cxd4 10. exd4 Re8 11. 0-0 Nh5 12. Be3 Qc7 13. h3 Nf4 14. Bxf4 Qxf4 15. Rfe1 Bd7 16. Qe3 Qf6 17. Nb3 b6 18. Bb5 a6 19. Bxc6 Bxc6 20. Ne5 Bb7 21. Qg3 Qd6 22. Qe3 Rac8 23. Qf3 Rf8 24. Qe3 Rce8 25. Rbd1 a5 26. Nd2 Ba6 27. Ndf3 Qc7 28. Rc1 Rc8 29. Nd3 Rfe8 30. Nd2 h6 31. Ne5 Rcd8 32. Qf3 Rf8 33. Qe3 Bc8 34. Nef3 Rfe8 35. Ne5 Rd6 36. Qf3 Rf8 37. Qe3 Re6 38. Qg3 Bb7 39. f4 Kh7 40. Ndf3 Qc8 41. Qf2 Rf6 42. Qg3 Qf5 43. Qf2 Qc8 44. Qd2 Rd6 45. Nh2 f6 46. Nef3 Re8 47. Qc2 h5 48. Nh4 f5 49. N4f3 Bf6 50. Ne5 Bxe5 51. fxe5 Rc6 52. Nf3 e6 53. Ng5+ Kg7 54. Qf2 Qd8 55. h4 Ba6 56. Qf4 Qd7 57. Qg3 Rec8 58. Nf3 b5 59. Ng5 b4 60. Nh3 Rg8 61. Nf4 Kf7 62. Qg5 Qd8 63. Qxd8 Rxd8 64. cxb4 Rdc8 65. Rxc6 Rxc6 66. bxa5 Rc2 67. Rb1 Rc4 68. Ne2 Ra4 69. Nc3 Rxd4 70. a3 Rc4 71. Na2 d4 72. Nb4 Bb5 73. Nd3 Ra4 74. Nf2 Rxa5 75. Ra1 Bc6 76. b4 Rxe5 77. a4 Rd5 78. b5 Ba8 79. b6 d3 80. a5 Rd6 81. Rb1 Bb7 82. Ra1 Ba6 83. Rb1 Rd7 84. Nd1 e5 85. Kf2 f4 86. g3 fxg3+ 87. Kxg3 Ke6 88. Kf3 d2 89. Rb2 Kf5 90. Ke3 Rd3+ 91. Kf2 Rd7 92. Ke3 Rd3+ 93. Kf2 Bb7 94. Ke2 Rd7 95. Rxd2 Re7 96. Ra2 Ba6+ 97. Ke3 Rd7 98. Nf2 Rd4 99. Rb2 Rd7 100. Rb1 Bb7 101. Ra1 Ba6 102. Rb1 Bb7 103. Ra1 Ba6 104. Rb1 e4 105. Rb4 Bb7 106. Rb5+ Kf6 107. Nxe4+ Kf7 108. Nc5 Re7+ 109. Kd4 Bc6 110. Rb2 Re1 111. a6 Rd1+ 112. Kc4 Rc1+ 113. Kb4 Rd1 114. b7 Rd8 115. Ka5 Rb8 116. Kb6 Bd5 117. Ka7 Re8 118. b8Q Rxb8 119. Rxb8 g5 120. hxg5 h4 121. Rh8 h3 122. Rxh3 Kg7 123. Kb8 Kg6 124. a7 Kxg5 125. a8Q Bxa8 126. Kxa8 Kg4 127. Ra3 Kf4 128. Ne4 Kxe4 129. Kb7 Kd4 130. Kc6 Kc4 131. Ra5 Kb4 132. Rh5 Kc4 133. Rh4+ Kd3 134. Kc5 Ke3 135. Kd5 Kf3 136. Ke5 Kg3 137. Ra4 Kf3 138. Rb4 Ke3 139. Rb3+ Kd2 140. Ke4 Kc2 141. Rh3 Kb2 142. Kd4 Kc2 143. Rg3 Kb2 144. Kc4 Ka2 145. Kb4 Kb2 146. Rg2+ Kc1 147. Kb3 Kd1 148. Kc3 Ke1 149. Kd3 Kf1 150. Ra2 Ke1 151. Rb2 Kf1 152. Ke3 Kg1 153. Kf3 Kh1 154. Kg3 Kg1 155. Rb1# 1-0

[Event "FIDE Youth Super Final U10 g"]
[Site "Tornelo INT"]
[Date "2021.12.20"]
[Round "6"]
[White "Preobrazhenskaya, Diana"]
[Black "Akbari, Rosha"]
[Result "0-1"]
[WhiteElo "1789"]
[BlackElo "1380"]
[PlyCount "86"]
[EventDate "2021.12.18"]
[EventType "tourn (rapid)"]
[EventRounds "10"]
[EventCountry "NET"]
[SourceTitle "EXT 2023"]
[Source "ChessBase"]
[SourceDate "2022.10.05"]
[SourceVersion "1"]
[SourceVersionDate "2022.10.05"]
[SourceQuality "1"]

1. e4 e5 2. Nf3 Nc6 3. Nc3 Nf6 4. a4 d5 5. Bb5 Nxe4 6. Nxe4 dxe4 7. Nxe5 Qg5 8. Nxc6 Qxg2 9. Rf1 a6 10. Bc4 bxc6 11. Qh5 Qg6 12. Qe5+ Be7 13. b3 Bh3 14. Ba3 Qf6 15. Qxf6 Bxf6 16. 0-0-0 Bxf1 17. Rxf1 Be7 18. Bb2 0-0 19. Rg1 g6 20. Rg4 Bc5 21. h4 Rfe8 22. h5 Kf8 23. hxg6 hxg6 24. Rf4 f5 25. Bf6 Be7 26. Bxe7+ Rxe7 27. f3 Kg7 28. fxe4 Rxe4 29. Rf2 a5 30. Kb2 Kf6 31. Rh2 Kg7 32. Rg2 Rh8 33. Bd3 Rf4 34. Re2 g5 35. Re7+ Kf6 36. Rxc7 Re8 37. Rxc6+ Re6 38. Rc5 g4 39. Rc8 g3 40. Rg8 Rg4 41. Rf8+ Ke7 42. Bxf5 g2 43. Bxg4 g1Q 0-1